| 000 | 00722nam a2200253Ia 4500 | ||
|---|---|---|---|
| 005 | 20250425161901.0 | ||
| 008 | 250425s9999 xx 000 0 und d | ||
| 020 | _a0024041114 | ||
| 041 | _aeng | ||
| 082 | _a658.403 | ||
| 100 | _aROWE, DONALD R. | ||
| 245 | 0 | _aMANAGERIAL DECISION MAKING: A GUIDE TO SUCECCFUL BUSINESS DECISIONS | |
| 250 | _a1A. ED. | ||
| 260 |
_aEstados Unidos _bMACMILLAN PUBLISHING COMPANY _c1992 |
||
| 260 | _aNEW YORK | ||
| 300 | _a253 | ||
| 650 | _aADMINISTRACION | ||
| 650 | _aCONTROL ADMINISTRATIVO | ||
| 650 | _aCULTURA ORGANIZACIONAL | ||
| 650 | _aTOMA DE DECISIONES | ||
| 710 | _aMACMILLAN PUBLISHING COMPANY A DIVISION OF MACMILLAN, INC. | ||
| 942 | _c01 | ||
| 010 | _a33681 | ||
| 999 |
_c218097 _d218097 |
||